000 01444cam a2200457 a 4500
001 7312
003 FISKH
005 20250709102524.0
008 041119s2005 nyua b 000 1 eng
010 _a 2004027623
020 _a0375829733
_qpbk.
020 _a0375929738
_qlib. bdg.
020 _a9780375829734
_q(pbk.)
020 _a9780375929731
_q(lib. bdg.)
040 _aDLC
_cDLC
_dDLC
_beng
042 _alcac
050 _aPZ7.B81618 A
082 _a813.54
100 1 _aBrown, Marc Tolon.
245 1 0 _aArthur lost in the museum /
_cMarc Brown.
250 _a1st ed.
260 _aNew York :
_bRandom House,
_c2005.
300 _a24 pages :
_bcolor illustrations ;
_c23 cm
336 _atext
_btxt
_2rdacontent
337 _aunmediated
_bn
_2rdamedia
338 _avolume
_bnc
_2rdacarrier
490 1 _aStep into reading :
_vStep 3
500 _a"A Sticker Book."
505 _aG
520 _aArthur goes with his class on a field trip to the museum, but takes a wrong turn when heading for the bathroom.
521 8 _a340
_bLexile estimate
521 8 _aG
_bRaz-Plus
650 1 _aSchool field trips
_vFiction.
650 1 _aMuseums
_vFiction.
650 1 _aAardvarks
_vFiction.
650 1 _aMammals
_vFiction.
655 7 _aFiction.
_2lcgft
_0https://id.loc.gov/authorities/genreForms/gf2014026339
906 _a7
_bcbc
_corignew
_d1
_eecip
_f20
_gy-gencatlg
942 _2ddc
_cBK
_n0
999 _c7312
_d7312